| 000 | 00388nam a22001457a 4500 | ||
|---|---|---|---|
| 999 |
_c528877 _d528877 |
||
| 003 | NUST | ||
| 038 | _awaseem | ||
| 082 |
_a891.421 _bNIS |
||
| 100 |
_aNisar, Baba Khusi Muhammad _920690 |
||
| 245 |
_aOsaliya Da Pandh / _cBaba Khusi Muhammad Nisar |
||
| 260 |
_aSahiwal : _bAnwar sons, _c1999. |
||
| 300 | _a196 p. ; | ||
| 880 |
_6245-02\r _aحوصلیاں دا پندھ |
||
| 942 |
_2ddc _cBK |
||